00615nam a22001937a 450000500170000001000140001702000250003103500130005603700130006908200170008210000280009924500840012726000450021127000530025630000210030950000400033065000200037065000310039020100809122814.0 aENG-99053 a9788190743310c40.00 aEN-82585 bDBAD/PUB a324.25482075 aGaddaffe, S. F. Mohamed aHistory of communist party in Tamil Nadu (1964-1975)cby S. F. Mohamed Gaddaffe aKanyakumaribNataraja Publicationsc2008 a5/1B, Punnaikadu Saral PostbKanyakumarie629003 a82p.c20cm (pbk) aIncludes bibliographical references aCommunist party aHistory of communist party